01013nam a2200265Ia 4500003000400000005001700004008004100021020001800062040001800080041000800098082002500106100002400131245012200155250001200277260003900289300002800328650007600356650006000432650004200492700002900534700003000563942003400593999001900627952010100646OSt20250130105603.0210716s2004 xx 000 0 und d a9780131443303 cAIMIT LIBRARY aeng a006.620288 21bLAMJ aLamb, John.9196180 aIBM websphere and lotus : bImplementing collaborative solutions /cBy John lamp, Michael Laskey and Gopal Indurkhya. a1st ed. aNew York :bPrentice Hall ,c2004. axxxi,525p. ;bHBc25 cm aThe architecture of websphere and lotus collaboration together.9196181 aBuilding a combined websphere and domino system9196182 aWhat to put on WAS vs. domino9196183 aLaskey, Michael.9196184 aIndurkhya, Gopal.9196185 2ddccBKe1stk006.620288 LAMJ c189211d189211 001040708MCAaAIMITbAIMITl0o006.620288 LAMJpMCA08719r2026-05-23 00:00:00w2021-07-16yBK